000 00660nam a2200181Ia 4500
003 GCL
008 140319s9999 xx 000 0 ara d
040 _aGCL /
_cGCL
082 0 4 _a928.1531
_bع م
100 1 _aعبدالكريم الجيهمان
245 1 0 _aمذكرات وذكريات من حياتى /
_cعبدالكريم الجيهمان
260 _aالرياض :
_bمكتبة الملك فهد الوطنية ،
_c1514
300 _a320 ص ؛
_c24 سم
650 0 4 _aالرجال - تراجم
650 0 4 _aالشعراء العرب - السعودية
650 0 4 _aعبدالكريم بن عبدالعزيز الجهيمان
942 _2ddc
_cBK
999 _c6904
_d6904